| 000 | 01191nam a2200313 a 4500 | ||
|---|---|---|---|
| 001 | vtls001088757 | ||
| 003 | NLI | ||
| 005 | 20210603114249.0 | ||
| 008 | 120323s1972 ii 000 d hin | ||
| 020 | _cRs. 3.00 | ||
| 039 | 9 |
_y201203232237 _zVLOAD |
|
| 040 |
_aNLI _bhineng _cDatasoft_Hindi _eAACR2 |
||
| 041 | 0 | _ahin | |
| 044 | _a ii | ||
| 082 | 0 | 4 | _a 891.432 |
| 100 | 1 |
_6880-01 _aचतुर्वेदी, सुधांशु, _cडॉ _9372088 |
|
| 245 | 1 | 0 |
_6880-02 _aयुगात्मा : _bअभिनव नाटय प्रयोग / _cसुधांशु चतुर्वेदी |
| 260 |
_aकेरल : _bसुधा पब्लिकेशन्स, _c1972 |
||
| 300 |
_a55 p. ; _c19 cm. |
||
| 650 | 0 |
_aHindi Drama _9165999 |
|
| 880 | 1 |
_6100-01( B _aCaturvedī, Sudhānśu, _cDr |
|
| 880 | 1 | 0 |
_6245-02( B _aYugātmā : _babhinava nāṭya prayoga / _cSudhānśu Caturvedī |
| 887 | _a Lugard Kumar Singh(09.09.2011)Sanjit Mahato | ||
| 901 |
_a33310 _b23.08.1974 |
||
| 902 | _aH 891.432 C 558 | ||
| 904 |
_cLugard Kumar Singh(09.09.2011)Sanjit Mahato _lD 15612 |
||
| 942 |
_2ddc _cBKS |
||
| 949 |
_AVIRTUAITEM _D10000 _X100 _6DBA000033310HIN |
||
| 999 |
_aVIRTUA40 _c378043 _d378043 |
||